[Event "SVK-chT2C 2223"]
[Site "Slovakia"]
[Date "2023.03.25"]
[Round "10.4"]
[White "Madar, Martin"]
[Black "Adamcik, Robert"]
[Result "1-0"]
[WhiteElo "2091"]
[BlackElo "2016"]
[PlyCount "103"]
[EventDate "2022.10.08"]
[EventType "team-tourn"]
[EventRounds "11"]
[EventCountry "SVK"]
[SourceTitle "EXT 2024"]
[Source "ChessBase"]
[SourceDate "2023.10.10"]
[SourceVersion "1"]
[SourceVersionDate "2023.10.10"]
[SourceQuality "1"]
[WhiteTeam "Ondrasova Krivan"]
[BlackTeam "Cadca Caissa II"]
[WhiteTeamCountry "SVK"]
[BlackTeamCountry "SVK"]

1. e3 d5 2. f4 g6 3. Nf3 Bg7 4. d4 Bf5 5. c3 c6 6. Bd3 e6 7. b3 Ne7 8. Ba3 Nd7 9. 0-0 Nf6 10. Ne5 0-0 11. g4 Bxd3 12. Qxd3 Ne4 13. Nd2 f6 14. Nef3 Nxd2 15. Nxd2 Qd7 16. e4 f5 17. exf5 exf5 18. Rae1 Rfe8 19. Bxe7 Rxe7 20. gxf5 gxf5 21. Nf3 Re4 22. Ng5 Ree8 23. Qh3 h6 24. Nf3 Re4 25. Ne5 Qe6 26. Kh1 Bxe5 27. fxe5 Rf8 28. Rg1+ Kh7 29. Ref1 Rg4 30. Rxg4 fxg4 31. Qd3+ Kg7 32. Rxf8 Kxf8 33. Qh7 c5 34. Qxb7 cxd4 35. Qa8+ Kg7 36. Qxa7+ Kg6 37. Qxd4 Qf5 38. Kg2 Qf3+ 39. Kg1 Qe2 40. Qf4 h5 41. Qf6+ Kh7 42. e6 h4 43. Qxh4+ Kg6 44. Qg3 Qd1+ 45. Kg2 Qe2+ 46. Kg1 Qd1+ 47. Kf2 Kf6 48. Qe3 Ke7 49. Kg3 Qc2 50. Kxg4 Qxh2 51. Kf5 Qxa2 52. Qc5+ 1-0

[Event "SVK-chT2C 2223"]
[Site "Slovakia"]
[Date "2023.02.12"]
[Round "9.4"]
[White "Adamcik, Robert"]
[Black "Moravcik, Jaroslav"]
[Result "0-1"]
[WhiteElo "2016"]
[BlackElo "2077"]
[PlyCount "134"]
[EventDate "2022.10.08"]
[EventType "team-tourn"]
[EventRounds "11"]
[EventCountry "SVK"]
[SourceTitle "EXT 2024"]
[Source "ChessBase"]
[SourceDate "2023.10.10"]
[SourceVersion "1"]
[SourceVersionDate "2023.10.10"]
[SourceQuality "1"]
[WhiteTeam "Cadca Caissa II"]
[BlackTeam "Detva"]
[WhiteTeamCountry "SVK"]
[BlackTeamCountry "SVK"]

1. d4 d5 2. Nf3 Nf6 3. c3 Bf5 4. Qb3 b6 5. Bf4 Nbd7 6. e3 e6 7. Bb5 Bd6 8. Nbd2 Bxf4 9. exf4 c5 10. Ne5 0-0 11. Ndf3 a6 12. Bc6 Ra7 13. Bxd7 Nxd7 14. Nc6 Qc7 15. Nxa7 Qxa7 16. 0-0 Bd3 17. Rfe1 Qc7 18. g3 h6 19. Qd1 c4 20. Re3 Qd6 21. Ne1 Bg6 22. f3 b5 23. a3 Nb6 24. Qe2 Na4 25. Re5 Nb6 26. Ng2 Bd3 27. Qd2 Nd7 28. Re3 Nb6 29. Rae1 Nd7 30. Qf2 a5 31. g4 Nb6 32. Re5 Nd7 33. Rh5 Bg6 34. Rh3 Qe7 35. Qe3 Qd6 36. Rg3 Bd3 37. h4 Rb8 38. h5 b4 39. axb4 axb4 40. g5 hxg5 41. Rxg5 bxc3 42. bxc3 Rb2 43. Ra1 Qb8 44. Qe1 Rb1 45. Rxb1 Qxb1 46. Qxb1 Bxb1 47. Ne3 Nb6 48. Kf2 Na4 49. Rg1 Bd3 50. Rc1 Kh7 51. Ng4 Bf5 52. Ke3 g6 53. hxg6+ Kxg6 54. Ne5+ Kf6 55. Nd7+ Ke7 56. Nc5 Nb2 57. Ra1 Nd3 58. Ra7+ Kf8 59. Nd7+ Kg7 60. Ne5 Bg6 61. f5 Nxe5 62. fxe6 Nc6 63. e7 Nxe7 64. Rxe7 Kf6 65. Re5 Bd3 66. Rxd5 Ke6 67. Kf4 Kxd5 0-1

[Event "SVK-chT1E 2223"]
[Site "Slovakia"]
[Date "2023.01.14"]
[Round "7.7"]
[White "Vrchovsky, Viliam"]
[Black "Adamcik, Robert"]
[Result "0-1"]
[WhiteElo "1873"]
[BlackElo "2016"]
[PlyCount "100"]
[EventDate "2022.10.15"]
[EventType "team-tourn"]
[EventRounds "11"]
[EventCountry "SVK"]
[SourceTitle "EXT 2024"]
[Source "ChessBase"]
[SourceDate "2023.10.10"]
[SourceVersion "1"]
[SourceVersionDate "2023.10.10"]
[SourceQuality "1"]
[WhiteTeam "Dunajov Martin II"]
[BlackTeam "Cadca"]
[WhiteTeamCountry "SVK"]
[BlackTeamCountry "SVK"]

1. e4 c5 2. Nf3 Nf6 3. e5 Nd5 4. c3 Nc6 5. Bb5 Qc7 6. Bxc6 dxc6 7. d4 cxd4 8. cxd4 Bg4 9. Nc3 Rd8 10. 0-0 e6 11. Ne4 h6 12. Bd2 Be7 13. Rc1 0-0 14. Qb3 Qb6 15. Nc5 Bxc5 16. Rxc5 Qxb3 17. axb3 Bxf3 18. gxf3 Rd7 19. b4 a6 20. Rc2 Kh7 21. Re1 Rfd8 22. Bc3 Ne7 23. Re4 Nf5 24. Rd2 Rd5 25. Kg2 Rb5 26. Rf4 Kg8 27. Rg4 Ne7 28. Rd1 Rxe5 29. Bd2 Rb5 30. Bxh6 Nf5 31. Bg5 Rd7 32. Rg1 Kf8 33. Kh3 Nxd4 34. Rh4 f6 35. Be3 Nf5 36. Bc5+ Kf7 37. Rh8 e5 38. Rf8+ Ke6 39. Re8+ Kd5 40. Rd1+ Nd4 41. f4 b6 42. Bf8 Kc4 43. fxe5 Rxe5 44. Rxe5 fxe5 45. Rg1 Ne6 46. Rg4+ Kd5 47. b5 Nxf8 48. bxa6 Ne6 49. Kg3 Ra7 50. Ra4 Nc5 0-1

[Event "SVK-chT1E 2122"]
[Site "Slovakia"]
[Date "2022.03.20"]
[Round "7.8"]
[White "Janik, Miroslav"]
[Black "Adamcik, Robert"]
[Result "0-1"]
[WhiteElo "1878"]
[BlackElo "2042"]
[PlyCount "100"]
[EventDate "2022.01.29"]
[EventType "team-tourn"]
[EventRounds "11"]
[EventCountry "SVK"]
[SourceTitle "EXT 2023"]
[Source "ChessBase"]
[SourceDate "2022.10.05"]
[SourceVersion "1"]
[SourceVersionDate "2022.10.05"]
[SourceQuality "1"]
[WhiteTeam "Dunajov Inbest II"]
[BlackTeam "Cadca"]
[WhiteTeamCountry "SVK"]
[BlackTeamCountry "SVK"]

1. e4 c5 2. Nf3 Nf6 3. Nc3 Nc6 4. d4 d5 5. exd5 Nxd5 6. Nxd5 Qxd5 7. Be3 cxd4 8. Nxd4 Nxd4 9. Qxd4 Qxd4 10. Bxd4 Bd7 11. Bc4 Bc6 12. 0-0 e6 13. f3 b6 14. Kh1 0-0-0 15. Be3 Be7 16. a4 Kb7 17. c3 Bc5 18. Bf4 Bd5 19. Be2 Bb3 20. a5 f6 21. axb6 axb6 22. Bd1 Bc4 23. Re1 e5 24. Be3 Bxe3 25. Rxe3 Rd2 26. b3 Ra8 27. Rc1 Bd3 28. f4 e4 29. Rg3 g6 30. h4 Re8 31. Re3 Rf2 32. Bf3 Kc7 33. Kg1 Rd2 34. Bd1 Kd6 35. Ra1 Rc8 36. Rc1 b5 37. b4 Rb2 38. Bf3 f5 39. g4 Rxb4 40. gxf5 gxf5 41. Be2 Bxe2 42. Rxe2 Rbc4 43. Rb1 R8c5 44. Rd2+ Kc6 45. Rbd1 Rxc3 46. Rd6+ Kb7 47. Rd7+ Rc7 48. R1d5 Rxd7 49. Rxd7+ Kc6 50. Rxh7 Rf3 0-1

[Event "SVK-chT1E 1920"]
[Site "Slovakia"]
[Date "2020.02.22"]
[Round "8.6"]
[White "Adamcik, Robert"]
[Black "Panko, Radoslav"]
[Result "1-0"]
[WhiteElo "2027"]
[BlackElo "2022"]
[PlyCount "119"]
[EventDate "2019.10.12"]
[EventType "team-tourn"]
[EventRounds "11"]
[EventCountry "SVK"]
[SourceTitle "CBM 195 Extra"]
[Source "ChessBase"]
[SourceDate "2020.05.31"]
[SourceVersion "1"]
[SourceVersionDate "2020.05.31"]
[SourceQuality "1"]
[WhiteTeam "Cadca"]
[BlackTeam "Bardejov"]
[WhiteTeamCountry "SVK"]
[BlackTeamCountry "SVK"]

1. d4 e6 2. Nf3 f5 3. c4 Nf6 4. Nc3 Bb4 5. Bf4 0-0 6. e3 b6 7. Bd3 Bb7 8. Qc2 Ne4 9. h4 d6 10. 0-0-0 Bxc3 11. bxc3 Qe8 12. Rdg1 Nf6 13. Nd2 e5 14. Bg5 e4 15. Be2 Nbd7 16. Bf4 Qe6 17. d5 Qe8 18. Nb3 Nc5 19. Nd4 Bc8 20. h5 Bd7 21. Bg5 Qc8 22. Bxf6 Rxf6 23. f4 Qa6 24. Kd2 Qa3 25. Rb1 Qa6 26. Ke1 Qc8 27. Kf2 Qe8 28. Rbg1 Bc8 29. g3 Ba6 30. g4 fxg4 31. Rxg4 Bc8 32. Rg5 h6 33. Rg3 Kh8 34. Rhg1 Rf7 35. Ke1 Bd7 36. Bf1 Qe7 37. Qg2 Rg8 38. Kd2 Bf5 39. Be2 Bh7 40. Bg4 Rf6 41. Be6 Nxe6 42. Nxe6 Rxe6 43. dxe6 Bf5 44. Rg6 Bxg6 45. Qxg6 Qh4 46. Rg2 Qh1 47. e7 Qb1 48. e8Q Qb2+ 49. Kd1 Qb1+ 50. Ke2 Qc2+ 51. Kf1 Qd1+ 52. Kf2 Qd2+ 53. Kg3 Qxe3+ 54. Kh2 Qxf4+ 55. Kh3 Qf3+ 56. Rg3 Qf1+ 57. Kg4 Qe2+ 58. Kf5 Qf1+ 59. Ke6 Qxc4+ 60. Ke7 1-0

[Event "SVK-chT1E 1920"]
[Site "Slovakia"]
[Date "2019.12.08"]
[Round "6.7"]
[White "Galvanek, Ladislav"]
[Black "Adamcik, Robert"]
[Result "1/2-1/2"]
[WhiteElo "1964"]
[BlackElo "2023"]
[PlyCount "34"]
[EventDate "2019.10.12"]
[EventType "team-tourn"]
[EventRounds "11"]
[EventCountry "SVK"]
[SourceTitle "CBM 194 Extra"]
[Source "ChessBase"]
[SourceDate "2020.03.31"]
[SourceVersion "1"]
[SourceVersionDate "2020.03.31"]
[SourceQuality "1"]
[WhiteTeam "Kysucke Nove Mesto"]
[BlackTeam "Cadca"]
[WhiteTeamCountry "SVK"]
[BlackTeamCountry "SVK"]

1. d4 d5 2. Bf4 Bf5 3. e3 e6 4. c4 c6 5. Nc3 Nf6 6. Qb3 Qb6 7. c5 Qxb3 8. axb3 Nbd7 9. b4 Nh5 10. b5 Nxf4 11. exf4 g5 12. fxg5 Bg7 13. Nf3 e5 14. Nxe5 Nxe5 15. dxe5 Bxe5 16. Be2 0-0 17. 0-0 Bxc3 1/2-1/2

[Event "SVK-chT1E 1920"]
[Site "Slovakia"]
[Date "2019.12.07"]
[Round "5.7"]
[White "Adamciak, Tomas"]
[Black "Adamcik, Robert"]
[Result "1-0"]
[WhiteElo "2053"]
[BlackElo "2023"]
[PlyCount "97"]
[EventDate "2019.10.12"]
[EventType "team-tourn"]
[EventRounds "11"]
[EventCountry "SVK"]
[SourceTitle "CBM 194 Extra"]
[Source "ChessBase"]
[SourceDate "2020.03.31"]
[SourceVersion "1"]
[SourceVersionDate "2020.03.31"]
[SourceQuality "1"]
[WhiteTeam "Liptov Chess School II"]
[BlackTeam "Cadca"]
[WhiteTeamCountry "SVK"]
[BlackTeamCountry "SVK"]

1. e4 c5 2. Nc3 Nc6 3. Bb5 Nd4 4. Bc4 e6 5. Nge2 Ne7 6. Nxd4 cxd4 7. Ne2 Nc6 8. d3 Be7 9. 0-0 d6 10. f4 Bf6 11. Ng3 g6 12. f5 Ne5 13. fxe6 Bxe6 14. Bxe6 fxe6 15. Bh6 Nf7 16. Bf4 0-0 17. Qg4 Qe7 18. Rf2 Ne5 19. Bxe5 Bxe5 20. Raf1 Rxf2 21. Rxf2 Rf8 22. Rxf8+ Kxf8 23. Kf2 Qc7 24. Qd1 Kg7 25. Nf1 Qe7 26. g3 h5 27. Nd2 Qg5 28. Nf3 Qe3+ 29. Kg2 Bf6 30. Qd2 Qxd2+ 31. Nxd2 Kf7 32. Nc4 Be7 33. Na5 b6 34. Nc6 a6 35. Nxd4 Bf6 36. c3 Bxd4 37. cxd4 d5 38. Kf3 Kf6 39. h4 b5 40. b4 g5 41. Ke3 Kg6 42. hxg5 Kxg5 43. Kf3 Kg6 44. Kf4 Kf6 45. a3 Kg6 46. Ke5 Kg5 47. Kxe6 Kg4 48. exd5 Kxg3 49. d6 1-0

[Event "SVK-chT2C 1718"]
[Site "Slovakia"]
[Date "2018.02.25"]
[Round "9.6"]
[White "Adamcik, Robert"]
[Black "Vronka, Peter"]
[Result "1-0"]
[WhiteElo "2023"]
[BlackElo "1892"]
[PlyCount "121"]
[EventDate "2017.10.28"]
[EventType "team-tourn"]
[EventRounds "11"]
[EventCountry "SVK"]
[SourceTitle "EXT 2019"]
[Source "ChessBase"]
[SourceDate "2018.10.10"]
[SourceVersion "1"]
[SourceVersionDate "2018.10.10"]
[SourceQuality "1"]
[WhiteTeam "Cadca Caissa"]
[BlackTeam "Ondrasova Krivan"]
[WhiteTeamCountry "SVK"]
[BlackTeamCountry "SVK"]

1. d4 d5 2. Nf3 Bf5 3. c3 c6 4. Nh4 Bg6 5. Nxg6 hxg6 6. Bf4 Nf6 7. h3 e6 8. Nd2 Bd6 9. e3 Bxf4 10. exf4 Qc7 11. g3 Nbd7 12. Bg2 c5 13. dxc5 Nxc5 14. Qe2 0-0 15. 0-0 Rab8 16. Bf3 Rfe8 17. Rfe1 b5 18. Nb3 Nce4 19. a3 Qc4 20. Qd1 a6 21. Nd2 Nxd2 22. Qxd2 Red8 23. Rad1 a5 24. Rc1 Kf8 25. Kg2 Kg8 26. Qe3 Rdc8 27. Red1 Qc5 28. Qd2 Qc4 29. g4 Ne4 30. Qe3 Nf6 31. Kg3 Rd8 32. Rd4 Qc7 33. h4 Re8 34. Re1 e5 35. fxe5 Ne4+ 36. Bxe4 Qxe5+ 37. Qf4 dxe4 38. Rexe4 Qxf4+ 39. Kxf4 Rxe4+ 40. Kxe4 Kf8 41. Rd7 b4 42. axb4 axb4 43. c4 Re8+ 44. Kd3 Rb8 45. b3 Ke8 46. Ra7 Rd8+ 47. Ke3 f5 48. Rxg7 f4+ 49. Kxf4 Rd3 50. Rxg6 Rxb3 51. h5 Rc3 52. Rb6 Rxc4+ 53. Kg5 Kf8 54. f4 Kf7 55. Rb7+ Kf8 56. h6 Kg8 57. f5 Kh8 58. Kh5 Rf4 59. Kg5 Rc4 60. f6 Kg8 61. Kf5 1-0

[Event "SVK-chT2C 1516"]
[Site "Slovakia"]
[Date "2015.10.17"]
[Round "1.4"]
[White "Adamcik, Robert"]
[Black "Klein, Peter"]
[Result "1-0"]
[WhiteElo "2049"]
[BlackElo "1980"]
[PlyCount "75"]
[EventDate "2015.10.17"]
[EventType "team-tourn"]
[EventRounds "11"]
[EventCountry "SVK"]
[SourceTitle "CBM 169 Extra"]
[Source "ChessBase"]
[SourceDate "2015.12.18"]
[SourceVersion "1"]
[SourceVersionDate "2015.12.18"]
[SourceQuality "1"]
[WhiteTeam "Cadca Caissa II"]
[BlackTeam "Filakovo"]
[WhiteTeamCountry "SVK"]
[BlackTeamCountry "SVK"]

1. d4 Nf6 2. Nf3 d6 3. c4 g6 4. Nc3 Bg7 5. h3 0-0 6. Bg5 Nbd7 7. e3 Re8 8. Be2 e5 9. Qc2 c6 10. 0-0 Qa5 11. Bh4 exd4 12. exd4 d5 13. Rfe1 Nb6 14. c5 Bf5 15. Qd2 Nbd7 16. g4 Be6 17. Bd3 Nf8 18. Ne5 N6d7 19. f4 f6 20. Nf3 Bf7 21. a3 Qc7 22. f5 a5 23. Kg2 a4 24. Bc2 b5 25. Bg3 Qb7 26. Na2 gxf5 27. Bxf5 Ne6 28. Nb4 Ndf8 29. Re2 Kh8 30. Rae1 Ng5 31. Qf4 Nxf3 32. Kxf3 Rxe2 33. Rxe2 Ng6 34. Qd6 Be8 35. h4 Qf7 36. h5 Bf8 37. hxg6 hxg6 38. Bxg6 1-0

[Event "SVK-chT2C 1415"]
[Site "Slovakia"]
[Date "2015.03.07"]
[Round "10.3"]
[White "Jakubec, Boris"]
[Black "Adamcik, Robert"]
[Result "0-1"]
[WhiteElo "1916"]
[BlackElo "2067"]
[PlyCount "152"]
[EventDate "2014.10.11"]
[EventType "team-tourn"]
[EventRounds "11"]
[EventCountry "SVK"]
[SourceTitle "EXT 2016"]
[Source "ChessBase"]
[SourceDate "2015.10.08"]
[SourceVersion "1"]
[SourceVersionDate "2015.10.08"]
[SourceQuality "1"]
[WhiteTeam "Podbrezova ZP Sport"]
[BlackTeam "Cadca Caissa II"]
[WhiteTeamCountry "SVK"]
[BlackTeamCountry "SVK"]

1. e4 c5 2. Nf3 Nf6 3. e5 Nd5 4. c3 Nc6 5. d4 cxd4 6. cxd4 d6 7. exd6 Qxd6 8. Nc3 Bg4 9. Be2 e6 10. 0-0 Be7 11. Ne4 Qc7 12. Re1 0-0 13. Ng3 Bf6 14. Be3 Nf4 15. Bb5 Nd5 16. Rc1 Qb6 17. Bxc6 bxc6 18. b3 Rfd8 19. h3 Bf5 20. Nxf5 exf5 21. Bg5 Rac8 22. Bxf6 Nxf6 23. Qc2 g6 24. Qc4 Ne4 25. Ne5 Rc7 26. Red1 Rd5 27. Nf3 Nd6 28. Qe2 Ne4 29. Qc4 Nd6 30. Qe2 c5 31. dxc5 Rdxc5 32. Rxc5 Qxc5 33. Qe5 Qxe5 34. Nxe5 Ne4 35. Rd8+ Kg7 36. Nc4 f4 37. Rd4 f5 38. Rd3 Kf6 39. h4 h6 40. Rd5 Ke6 41. Ra5 Rd7 42. Ra6+ Ke7 43. Ne5 Rd1+ 44. Kh2 g5 45. hxg5 hxg5 46. g4 Nxf2 47. gxf5 Rd6 48. Rxd6 Kxd6 49. Nf7+ Ke7 50. Nxg5 Kf6 51. Nf3 Kxf5 52. Kg2 Ng4 53. Nd4+ Ke4 54. Nf3 Kd3 55. Ng5 Ke2 56. b4 Ne3+ 57. Kg1 Nc2 58. b5 Na3 59. Ne6 f3 60. Nd4+ Ke3 61. Nxf3 Kxf3 62. Kf1 Ke3 63. Ke1 Kd3 64. Kd1 Kc3 65. Kc1 Nxb5 66. Kb1 Na3+ 67. Ka1 Nc4 68. Kb1 Kb4 69. Ka1 Ka3 70. Kb1 Nd2+ 71. Kc2 Ne4 72. Kb1 Nc3+ 73. Ka1 Nxa2 74. Kb1 Nb4 75. Ka1 Kb3 76. Kb1 Nc2 0-1

[Event "SVK-chT 1415"]
[Site "Slovakia"]
[Date "2015.01.18"]
[Round "6.6"]
[White "Polacik, Igor"]
[Black "Adamcik, Robert"]
[Result "1/2-1/2"]
[WhiteElo "2173"]
[BlackElo "2067"]
[PlyCount "20"]
[EventDate "2014.10.25"]
[EventType "team-tourn"]
[EventRounds "11"]
[EventCountry "SVK"]
[SourceTitle "EXT 2016"]
[Source "ChessBase"]
[SourceDate "2015.10.08"]
[SourceVersion "1"]
[SourceVersionDate "2015.10.08"]
[SourceQuality "1"]
[WhiteTeam "Bratislava Doprastav"]
[BlackTeam "Cadca"]
[WhiteTeamCountry "SVK"]
[BlackTeamCountry "SVK"]

1. e4 c5 2. Nf3 Nf6 3. Nc3 Nc6 4. d4 d5 5. exd5 Nxd5 6. Nxd5 Qxd5 7. Be3 cxd4 8. Nxd4 Nxd4 9. Qxd4 Qxd4 10. Bxd4 Bd7 1/2-1/2

[Event "SVK-chT 1415"]
[Site "Slovakia"]
[Date "2014.11.23"]
[Round "4.4"]
[White "Adamcik, Robert"]
[Black "Bombek, Peter"]
[Result "1/2-1/2"]
[WhiteElo "2067"]
[BlackElo "2156"]
[PlyCount "51"]
[EventDate "2014.10.25"]
[EventType "team-tourn"]
[EventRounds "11"]
[EventCountry "SVK"]
[SourceTitle "CBM 163 Extra"]
[Source "ChessBase"]
[SourceDate "2014.12.23"]
[SourceVersion "1"]
[SourceVersionDate "2014.12.23"]
[SourceQuality "1"]
[WhiteTeam "Cadca"]
[BlackTeam "Dubnica nad Vahom"]
[WhiteTeamCountry "SVK"]
[BlackTeamCountry "SVK"]

1. d4 d5 2. Nf3 Nf6 3. c4 e6 4. Nc3 Be7 5. Bf4 0-0 6. e3 Nbd7 7. Qc2 c5 8. cxd5 Nxd5 9. Nxd5 exd5 10. Be2 cxd4 11. exd4 Bb4+ 12. Bd2 Qb6 13. 0-0 Bxd2 14. Qxd2 Nf6 15. Bd3 Bg4 16. Ne5 Bh5 17. b3 Bg6 18. Bxg6 hxg6 19. Qf4 a5 20. h3 a4 21. Rab1 a3 22. Rbc1 Rac8 23. Rxc8 Rxc8 24. Rc1 Qe6 25. Kh2 Rxc1 26. Qxc1 1/2-1/2

[Event "SVK-chT 1415"]
[Site "Slovakia"]
[Date "2014.10.25"]
[Round "1.6"]
[White "Adamcik, Robert"]
[Black "Macko, Michal"]
[Result "0-1"]
[WhiteElo "2067"]
[BlackElo "2167"]
[PlyCount "94"]
[EventDate "2014.10.25"]
[EventType "team-tourn"]
[EventRounds "11"]
[EventCountry "SVK"]
[SourceTitle "EXT 2015"]
[Source "ChessBase"]
[SourceDate "2014.11.20"]
[SourceVersion "1"]
[SourceVersionDate "2014.11.20"]
[SourceQuality "1"]
[WhiteTeam "Cadca"]
[BlackTeam "Liptov Chess School"]
[WhiteTeamCountry "SVK"]
[BlackTeamCountry "SVK"]

1. d4 e6 2. c4 Nf6 3. Nf3 b6 4. Nc3 Bb4 5. Bg5 h6 6. Bh4 g5 7. Bg3 Ne4 8. Qc2 Bb7 9. e3 Bxc3+ 10. bxc3 d6 11. Nd2 Nxd2 12. Qxd2 Nd7 13. f3 f5 14. Bd3 Qf6 15. c5 bxc5 16. Bb5 c6 17. Bd3 e5 18. Rb1 Bc8 19. Bf2 d5 20. e4 exd4 21. cxd4 c4 22. Bc2 Kf7 23. 0-0 f4 24. e5 Qe7 25. g3 Nf8 26. gxf4 gxf4 27. Qxf4+ Ke8 28. Bh4 Ne6 29. Bg6+ Kd7 30. Bf5 Qf7 31. Bf6 Rg8+ 32. Kf2 Qh5 33. Rg1 Kc7 34. Bxe6 Bxe6 35. h4 Qf5 36. Qd2 Rxg1 37. Qa5+ Kd7 38. Rb7+ Ke8 39. Kxg1 Qxf3 40. Qd2 Qg3+ 41. Kh1 Qh3+ 42. Kg1 Qg3+ 43. Qg2 Qxg2+ 44. Kxg2 c3 45. Bg7 c5 46. dxc5 d4 47. Bxh6 Bd5+ 0-1

[Event "SVK-chT2C 1213"]
[Site "Slovakia"]
[Date "2012.12.15"]
[Round "5.7"]
[White "Vrchovsky, Viliam"]
[Black "Adamcik, Robert"]
[Result "0-1"]
[WhiteElo "1917"]
[BlackElo "2019"]
[PlyCount "62"]
[EventDate "2012.10.13"]
[EventType "team-tourn"]
[EventRounds "11"]
[EventCountry "SVK"]
[SourceTitle "EXT 2015"]
[Source "ChessBase"]
[SourceDate "2014.11.20"]
[SourceVersion "1"]
[SourceVersionDate "2014.11.20"]
[SourceQuality "1"]
[WhiteTeam "Dunajov II"]
[BlackTeam "Cadca Caissa II"]
[WhiteTeamCountry "SVK"]
[BlackTeamCountry "SVK"]

1. e4 c5 2. Nc3 Nc6 3. g3 g6 4. Bg2 Bg7 5. d3 e6 6. f4 Nge7 7. e5 Nf5 8. Nf3 d6 9. exd6 Qxd6 10. Ne4 Qc7 11. c3 b6 12. g4 Nfe7 13. Be3 Bb7 14. Qb3 Nd5 15. Bf2 Nxf4 16. 0-0 Nxg2 17. Kxg2 0-0 18. Bg3 e5 19. Rf2 Ne7 20. Kg1 c4 21. Qb5 f6 22. Nd4 Bd5 23. Raf1 a6 24. Qa4 b5 25. Qd1 Qb6 26. Nf3 Rad8 27. Nfd2 Bb7 28. h4 Rxd3 29. Kh2 Bxe4 30. Nxe4 Rxd1 31. Rxd1 f5 0-1

[Event "SVK-chT2C 1213"]
[Site "Slovakia"]
[Date "2012.12.01"]
[Round "3.4"]
[White "Adamcik, Robert"]
[Black "Lipcak, Norbert"]
[Result "1-0"]
[WhiteElo "2019"]
[BlackElo "2003"]
[PlyCount "43"]
[EventDate "2012.10.13"]
[EventType "team-tourn"]
[EventRounds "11"]
[EventCountry "SVK"]
[SourceTitle "EXT 2015"]
[Source "ChessBase"]
[SourceDate "2014.11.20"]
[SourceVersion "1"]
[SourceVersionDate "2014.11.20"]
[SourceQuality "1"]
[WhiteTeam "Cadca Caissa II"]
[BlackTeam "Jelsava"]
[WhiteTeamCountry "SVK"]
[BlackTeamCountry "SVK"]

1. d4 Nf6 2. c4 e6 3. Nf3 c5 4. e3 cxd4 5. exd4 Bb4+ 6. Nc3 Ne4 7. Bd2 Nxd2 8. Qxd2 d6 9. Bd3 a6 10. 0-0 0-0 11. Rac1 f5 12. a3 Ba5 13. Qe3 Nc6 14. Rfe1 Qf6 15. d5 Bxc3 16. Rxc3 Nd8 17. dxe6 Bxe6 18. Qd4 Bd7 19. c5 g6 20. Bc4+ Kg7 21. Re7+ Rf7 22. Bxf7 1-0

[Event "SVK-chT2C 1112"]
[Site "Slovakia"]
[Date "2011.10.09"]
[Round "2.5"]
[White "Adamcik, Robert"]
[Black "Valuska, Jan"]
[Result "1-0"]
[WhiteElo "2046"]
[BlackElo "2038"]
[PlyCount "165"]
[EventDate "2011.10.08"]
[EventType "team-tourn"]
[EventRounds "11"]
[EventCountry "SVK"]
[SourceTitle "EXT 2013"]
[Source "ChessBase"]
[SourceDate "2012.11.22"]
[SourceVersion "1"]
[SourceVersionDate "2012.11.22"]
[SourceQuality "1"]
[WhiteTeam "Cadca II"]
[BlackTeam "Zvolen Slavia"]
[WhiteTeamCountry "SVK"]
[BlackTeamCountry "SVK"]

1. d4 e6 2. c4 f5 3. g3 Nf6 4. Nc3 c6 5. Bg2 d5 6. Qd3 Nbd7 7. Nf3 Ne4 8. 0-0 Be7 9. Bf4 0-0 10. Ne5 Ndf6 11. f3 Nd6 12. c5 Nf7 13. b4 Nxe5 14. Bxe5 b6 15. Rfd1 Nd7 16. Qe3 Nxe5 17. Qxe5 Bf6 18. Qe3 a5 19. a3 Bd7 20. f4 axb4 21. axb4 bxc5 22. bxc5 Ra5 23. Ra4 Qc7 24. Rda1 Rfa8 25. Qd2 Rxa4 26. Rxa4 Rxa4 27. Nxa4 Qa7 28. Qb4 Bc8 29. e3 Bd8 30. Bf1 Ba5 31. Qb3 Bd2 32. Nb6 Bb7 33. Qd3 Qa2 34. Be2 Qa1+ 35. Kg2 Qc1 36. Kf2 Qe1+ 37. Kg2 h6 38. Nd7 Qc1 39. Qb3 Qe1 40. Bf3 Bb4 41. Qd3 Bd2 42. Be2 Qc1 43. Ne5 Qb2 44. g4 fxg4 45. Bxg4 Bc8 46. Be2 Bb7 47. Bg4 Bc8 48. Kh3 Be1 49. Be2 Qd2 50. Nxc6 Kf8 51. Kg2 Qb2 52. Ne5 Ke7 53. Ng6+ Kd8 54. Qb5 Qxb5 55. Bxb5 Kc7 56. Ne5 Bh4 57. Kf3 Bf6 58. Ng4 Bh4 59. h3 Be1 60. Ne5 Bh4 61. Nd3 Bf6 62. Kg3 Bb7 63. Kg4 g6 64. h4 Bc8 65. Ne5 Bxe5 66. fxe5 Bd7 67. Bd3 Be8 68. Kf4 Kc6 69. e4 Bf7 70. Ba6 dxe4 71. Kxe4 g5 72. hxg5 hxg5 73. Be2 Bg6+ 74. Ke3 Bf5 75. Bf3+ Kc7 76. Bg2 Bg4 77. Be4 Bd1 78. d5 exd5 79. Bxd5 Bg4 80. Ke4 Bh3 81. e6 Kd8 82. Ke5 g4 83. Kd6 1-0